'F' Logos Quiz Stats

Quiz Updated Mar 30, 2015

Also try: 'L' Logos
Challenge
Share
Tweet
Score 0/18 Timer 05:00
9 Plays Today
% Correct
Facebook
99.4%
Ford
99.3%
FOX
96.7%
Firefox
95.4%
Fanta
95%
Ferrari
89.7%
FILA
82.3%
Foot Locker
74.6%
Foster's
71.5%
% Correct
Firestone
71.5%
FIFA
64%
Philadelphia Flyers
62.3%
Fisher-Price
53.3%
Flash
52.8%
FIAT
52.4%
Flickr
44.2%
Fujifilm
26.1%
Fender
26%

You're not logged in!

Compare scores with friends on all Sporcle quizzes.
Sign Up with Email
OR
Log In

You Might Also Like...

Show Comments

Extras

Top Quizzes Today


Score Distribution

Your Account Isn't Verified!

In order to create a playlist on Sporcle, you need to verify the email address you used during registration. Go to your Sporcle Settings to finish the process.